000 01727cab a2200529 4500
001 ABS50140
008 090401t1994 xxu||||| |||| 00| 0 eng d
035 _a(Sirsi) u74368
041 _aeng
245 4 _aThe institutions of the Community
260 _c1994
350 _a0
490 _aCommission of the European Communities Background Report
_v(ISEC/B7/94) 21 February 1994 (5)
520 _aLists the locations of the EU institutions with brief details of functions and staffing levels.
650 _aAGENCY FOR HEALTH AND SAFETY AT WORK
650 _aALICANTE
650 _aBILBOA
650 _aCOPENHAGEN
650 _aDUBLIN
650 _aEUROPEAN AGENCY FOR THE EVALUATION OF MEDICINAL PRODUCTS
650 _aEUROPEAN CENTRAL BANK
650 _aEUROPEAN CENTRE FOR THE DEVELOPMENT OF VOCATIONAL TRAINING
650 _aEUROPEAN COMMUNITY
650 _aEUROPEAN COURTS
650 _aEUROPEAN ENVIRONMENT AGENCY
650 _aEUROPEAN MONETARY INSTITUTE
650 _aEUROPEAN MONITORING CENTRE FOR DRUGS AND DRUG ADDICTION
650 _aEUROPEAN PARLIAMENT
650 _aEUROPEAN TRAINING FOUNDATION
650 _aEUROPOL
650 _aFOUNDATION FOR THE IMPROVEMENT OF LIVING AND WORKING CONDITIONS
650 _aFRANKFURT
650 _aINSTITUTIONS
650 _aLISBON
650 _aLOCATION
650 _aLONDON
650 _aLUXEMBOURG
650 _aOFFICE FOR HARMONISATION IN THE INTERNAL MARKET
650 _aOFFICE FOR VETERINARY AND PLANT HEALTH INSPECTION AND CONTROL
650 _aTHE HAGUE
650 _aTHESSALONIKI
650 _aTRANSLATION CENTRE
650 _aTURIN
690 _aEUROPE-SINGLE MARKET
942 _n0
948 _c04/03/1997
999 _c46935
_d46935